| 000 | 00694cam a2200229 a 4500 | ||
|---|---|---|---|
| 001 | 000004603 | ||
| 003 | OSt | ||
| 005 | 20210318113136.0 | ||
| 008 | 741223s2000 sp a b 001 0 spa | ||
| 020 | _a8437618126 | ||
| 040 |
_aDO-SdBNP _bspa _cBNPHU |
||
| 082 |
_aA863.4 _bM252t |
||
| 100 | 1 |
_aMallea, Eduardo, _d1903-1982 _913423 |
|
| 245 | 1 | 0 |
_aTodo verdor perecerá / _cEduardo Mallea ; edición, Flora Guzmán. |
| 260 |
_aMadrid : _bCátedra, _c2000. |
||
| 300 |
_a240 p. : _bil. ; _c18 cm. |
||
| 490 | 1 |
_aLetras hispánicas _vno. 493 |
|
| 700 | 1 |
_aGuzmán, Flora, _eed. _913429 |
|
| 830 | 0 |
_aLetras hispánicas ; _vno. 493 _94208 |
|
| 910 | _aCatalogación derivada / LC | ||
| 942 |
_2ddc _cLBS1 |
||
| 999 |
_c4411 _d4411 |
||